[Event "Internet Section 06A g/8'+2\""]
[Site "Dos Hermanas"]
[Date "2004.03.06"]
[Round "3"]
[White "Lehner, Oliver"]
[Black "SGH, Pigsy"]
[Result "1/2-1/2"]
[WhiteElo "2394"]
[BlackElo "2561"]
[PlyCount "51"]
[EventDate "2004.03.06"]
[EventType "swiss (blitz)"]
[EventRounds "9"]
[EventCountry "ESP"]
[SourceTitle "CBM 099 Extra"]
[Source "ChessBase"]
[SourceDate "2004.05.04"]
[SourceVersion "1"]
[SourceVersionDate "2004.05.04"]
[SourceQuality "1"]

1. d4 d5 2. c4 c6 3. Nf3 e6 4. e3 Nf6 5. Nc3 Nbd7 6. Qc2 Bd6 7. Be2 0-0 8. 0-0 dxc4 9. Bxc4 a6 10. a3 Qc7 11. Ba2 h6 12. e4 e5 13. dxe5 Nxe5 14. Nxe5 Bxe5 15. f4 Bd4+ 16. Kh1 Qe7 17. e5 Ng4 18. Qe2 Nxh2 19. Rd1 Qh4 20. g3 Qxg3 21. Qxh2 Qf3+ 22. Qg2 Qh5+ 23. Qh2 Qf3+ 24. Qg2 Qh5+ 25. Qh2 Qf3+ 26. Qg2 1/2-1/2

[Event "Internet Section 06A g/8'+2\""]
[Site "Dos Hermanas"]
[Date "2004.03.06"]
[Round "5"]
[White "SGH, Pigsy"]
[Black "Andreassen, Lars"]
[Result "0-1"]
[WhiteElo "2541"]
[BlackElo "2376"]
[PlyCount "60"]
[EventDate "2004.03.06"]
[EventType "swiss (blitz)"]
[EventRounds "9"]
[EventCountry "ESP"]
[SourceTitle "CBM 099 Extra"]
[Source "ChessBase"]
[SourceDate "2004.05.04"]
[SourceVersion "1"]
[SourceVersionDate "2004.05.04"]
[SourceQuality "1"]

1. c4 e5 2. Nc3 Nf6 3. Nf3 e4 4. Ng5 b5 5. g3 b4 6. Ncxe4 Nxe4 7. Nxe4 f5 8. Bg2 fxe4 9. Bxe4 c6 10. e3 g6 11. h4 Bg7 12. h5 d5 13. cxd5 cxd5 14. Bd3 Qf6 15. Qa4+ Bd7 16. Qxb4 Nc6 17. Qc5 Ne5 18. Be2 Nf3+ 19. Bxf3 Qxf3 20. Rh4 Rc8 21. Qb4 g5 22. Rh2 h6 23. d4 Bg4 24. Qb5+ Kf7 25. Bd2 Rb8 26. Qa6 Rxb2 27. Rc1 Re8 28. Rc7+ Re7 29. Qg6+ Kf8 30. Rc8+ Bxc8 0-1